Les Pokémon asexués - Statistiques

Statistiques générales
  • Ce quiz a été pris 57 fois
  • Le résultat moyen est 17 sur 43
Statistiques - réponses
Pokémon % Correct
Métamorph
77%
Magnéti
72%
Magnéton
72%
Magnézone
67%
Métalosse
59%
Métang
59%
Porygon
59%
Porygon2
56%
Porygon-Z
56%
Terhal
56%
Clic
54%
Cliticlic
54%
Tic
54%
Archéodong
51%
Archéomire
51%
Zarbi
51%
Motisma
49%
Électrode
44%
Voltorbe
44%
Météno
38%
Balbuto
33%
Golemastoc
33%
Hexagel
33%
Kaorine
33%
Strassie
33%
Gringolem
31%
Séléroc
28%
Solaroc
28%
Stari
28%
Staross
28%
Hexadron
23%
Galvagla
21%
Galvagon
21%
Hydragla
21%
Hydragon
21%
Munja
21%
Sinistrail
21%
Gromago
15%
Mordudor
15%
Polthégeist
13%
Théffroi
13%
Compagnol
10%
Famignol
10%
Aucun quiz correspondant
Distribution des résultats
% des personnes avec chaque résultat
Percentile par nombre de réponses
Votre historique - résultats
Vous n’avez pas pris ce quiz